Normal view
MARC view
Entry Personal Name
001 - CONTROL NUMBER
- control field: 37358
003 - CONTROL NUMBER IDENTIFIER
- control field: dpl
005 - DATE AND TIME OF LATEST TRANSACTION
- control field: 20111221161009.0
008 - FIXED-LENGTH DATA ELEMENTS
- fixed length control field: 111221|||a|||||| | ||| d
040 ## - CATALOGING SOURCE
- Original cataloging agency: dpl
- Transcribing agency: dpl
100 ## - HEADING--PERSONAL NAME
- Personal name: शर्मा, देवदत्त
670 ## - SOURCE DATA FOUND
- Source citation: Work cat.: (dpl)49723: शर्मा, देवदत्त, विरासतः, 2008
670 ## - SOURCE DATA FOUND
- Source citation: Work cat.: (dpl)49723: शर्मा, देवदत्त, विरासतः, 2008
